<?xml version="1.0" encoding="UTF-8"?>
<marc:record xmlns:marc="http://www.loc.gov/MARC21/slim">
   <marc:leader>00000nam a2200000 a 4500</marc:leader>
   <marc:datafield ind1="1" ind2=" " tag="100">
      <marc:subfield code="a">von der Leyen, Katharina</marc:subfield>
      <marc:subfield code="4">aut</marc:subfield>
      <marc:subfield code="e">Verfasser/-in</marc:subfield>
   </marc:datafield>
   <marc:datafield ind1="1" ind2=" " tag="100">
      <marc:subfield code="a">Hochmair, Philipp</marc:subfield>
      <marc:subfield code="4">aut</marc:subfield>
      <marc:subfield code="e">Verfasser/-in</marc:subfield>
   </marc:datafield>
   <marc:datafield ind1=" " ind2=" " tag="653">
      <marc:subfield code="a">Lebensgeschichte</marc:subfield>
   </marc:datafield>
   <marc:datafield ind1=" " ind2=" " tag="653">
      <marc:subfield code="a">Theater</marc:subfield>
   </marc:datafield>
   <marc:datafield ind1=" " ind2=" " tag="653">
      <marc:subfield code="a">Bühne</marc:subfield>
   </marc:datafield>
   <marc:datafield ind1="0" ind2="0" tag="245">
      <marc:subfield code="a">Hochmair wo bist du?</marc:subfield>
   </marc:datafield>
   <marc:datafield ind1="0" ind2="0" tag="245">
      <marc:subfield code="b">Biografie</marc:subfield>
   </marc:datafield>
   <marc:datafield ind1="0" ind2="0" tag="245">
      <marc:subfield code="c">Katharina von der Leyen ; Philipp Hochmair</marc:subfield>
   </marc:datafield>
   <marc:datafield ind1=" " ind2="1" tag="264">
      <marc:subfield code="a">1080 Wien</marc:subfield>
      <marc:subfield code="b">Christian Brandstätter Verlag</marc:subfield>
      <marc:subfield code="c">2025</marc:subfield>
   </marc:datafield>
   <marc:datafield ind1=" " ind2=" " tag="250">
      <marc:subfield code="a">1</marc:subfield>
   </marc:datafield>
   <marc:datafield ind1="1" ind2=" " tag="520">
      <marc:subfield code="a">Bühnenterrorist, Text-Fanatiker, körpersprachlicher Hochseilakrobat &#x96; der Österreicher Philipp Hochmair ist bekannt für sein kraftstrotzendes, leidenschaftliches Schauspiel. Der wilde Charismatiker, der in ruhigen Momenten wirkt wie Schwiegermutters Tagtraum, hat sich zur Lebensaufgabe gemacht, Grenzen und Traditionen neu zu definieren. Neben seinen Auftritten in zahlreichen Fernseh- und Kinoproduktionen wie &#x84;Kater&#x93;, &#x84;Die Wannseekonferenz&#x93;, &#x84;Blind ermittelt&#x93; oder &#x84;Geier&#x93;, verbindet man ihn vor allem mit seinen rebellischen und körperbetonten Bühneninterpretationen des &#x84;Mephisto&#x93;, &#x84;Werther!&#x93; und seinen Solo-Versionen des &#x84;Jedermann&#x93;. &#x84;Hochmair, wo bist du?&#x93; ist keine klassische Biografie. Katharina von der Leyen heftete sich an die Fersen des Kraftmeiers, dessen Leben gänzlich von der Kreativität bestimmt wird, um ihn in allen Tiefen und Untiefen zu beobachten, zu beschreiben und zu stellen. Sie erzählt von einem Mann, der Jedermann als Rockstar zelebriert, Schillers Balladen in wilde Raves verwandelt und sich seinen Rollen so hingibt, dass ihm das Gefühl für sein Selbst verloren geht.</marc:subfield>
   </marc:datafield>
   <marc:datafield ind1=" " ind2=" " tag="020">
      <marc:subfield code="a">9783710609008</marc:subfield>
      <marc:subfield code="9">9783710609008</marc:subfield>
   </marc:datafield>
   <marc:datafield ind1=" " ind2=" " tag="020">
      <marc:subfield code="a">3710609003</marc:subfield>
      <marc:subfield code="9">3710609003</marc:subfield>
   </marc:datafield>
   <marc:datafield ind1=" " ind2=" " tag="300">
      <marc:subfield code="a">254 S. ill</marc:subfield>
   </marc:datafield>
</marc:record>
